[Event "Aut_chT0809"]
[Site "Graz"]
[Date "2009.01.23"]
[Round "5"]
[Board "2"]
[White "Pavasovic, Dusko"]
[Black "Socko, Bartosz"]
[Result "1/2-1/2"]
[WhiteElo "2598"]
[BlackElo "2631"]
[PlyCount "63"]
[EventDate "2008.11.07"]
[EventType "team"]
[EventRounds "11"]
[EventCountry "AUT"]
[WhiteTeam "SK Kl.Ztg.MPOE Maria Saal"]
[BlackTeam "SK Advisory Invest Baden"]

1.e4 e5 2.Nf3 Nf6 3.Nxe5 d6 4.Nf3 Nxe4 5.d4 d5 6.Bd3 Nc6 7.O-O Be7 8.c4 Nb4
9.cxd5 Nxd3 10.Qxd3 Qxd5 11.Re1 Bf5 12.Nc3 Nxc3 13.Qxc3 Be6 14.Re5 Qd7 15.d5
Bxd5 16.Rxe7+ Qxe7 17.Bg5 f6 18.Re1 Be6 19.Nd4 O-O-O 20.Nxe6 fxg5 21.Nxd8 Qxd8
22.Qxg7 h5 23.h3 h4 24.Re6 Re8 25.Rxe8 Qxe8 26.Qxg5 Qe1+ 27.Kh2 Qxf2 28.Qg8+ Kd7
29.Qd5+ Ke7 30.Qe5+ Kd7 31.Qd5+ Ke7 32.Qe5+

[Event "Aut_chT0809"]
[Site "Graz"]
[Date "2009.01.23"]
[Round "5"]
[Board "3"]
[White "Balogh, Csaba"]
[Black "Buhmann, Rainer"]
[Result "1/2-1/2"]
[WhiteElo "2605"]
[BlackElo "2565"]
[PlyCount "84"]
[EventDate "2008.11.07"]
[EventType "team"]
[EventRounds "11"]
[EventCountry "AUT"]
[WhiteTeam "SK Advisory Invest Baden"]
[BlackTeam "SK Kl.Ztg.MPOE Maria Saal"]

1.e4 e5 2.Nf3 Nc6 3.Bb5 Nf6 4.d3 Bc5 5.Bxc6 dxc6 6.h3 Qe7 7.Nbd2 Bd6 8.Nc4 c5
9.b3 Nd7 10.Bb2 f6 11.O-O Nf8 12.Nh4 Be6 13.Nf5 Qd7 14.f4 exf4 15.Ncxd6+ cxd6
16.Rxf4 Ng6 17.Rf2 O-O 18.Qg4 Rae8 19.Raf1 b6 20.Qg3 Ne5 21.h4 Bxf5 22.Rxf5 Qe6
23.Qh3 Rf7 24.g4 g6 25.Qg3 gxf5 26.gxf5+ Rg7 27.Qxg7+ Kxg7 28.fxe6 h5 29.Kf2
Rxe6 30.Ke3 Ng4+ 31.Kd2 Kg6 32.a3 Re8 33.b4 c4 34.Rf5 cxd3 35.cxd3 Ne5 36.Bd4 b5
37.Rf1 a6 38.Rg1+ Kf7 39.Bxe5 dxe5 40.Rc1 Re6 41.Ke3 Rd6 42.Rc5 Kg6

[Event "Aut_chT0809"]
[Site "Graz"]
[Date "2009.01.23"]
[Round "5"]
[Board "4"]
[White "Bunzmann, Dimitrij"]
[Black "Siebrecht, Sebastian"]
[Result "1-0"]
[WhiteElo "2488"]
[BlackElo "2440"]
[PlyCount "75"]
[EventDate "2008.11.07"]
[EventType "team"]
[EventRounds "11"]
[EventCountry "AUT"]
[WhiteTeam "SK Kl.Ztg.MPOE Maria Saal"]
[BlackTeam "SK Advisory Invest Baden"]

1.c4 Nf6 2.Nc3 g6 3.e4 d6 4.d4 Bg7 5.Nf3 O-O 6.Be2 e5 7.O-O Nc6 8.d5 Ne7 9.b4 a5
10.Ba3 Nd7 11.bxa5 b6 12.Bb4 bxa5 13.Ba3 Nc5 14.Qc1 Na6 15.Rd1 Bd7 16.Rb1 Kh8
17.Qe3 Ng8 18.c5 dxc5 19.Bxa6 Rxa6 20.Qxc5 Re8 21.Qc4 Rf6 22.Ne1 Rb6 23.Bc5 Rxb1
24.Rxb1 Nf6 25.Rb7 Rg8 26.Ra7 c6 27.d6 Be6 28.Qa6 Nd7 29.Qxc6 Nxc5 30.Qxc5 Qg5
31.Nd5 Qd2 32.Qxa5 Qe2 33.d7 Bxd5 34.d8=Q Bc4 35.h3 Qf1+ 36.Kh2 Qxf2 37.Ra8 f5
38.Qdd2

[Event "Aut_chT0809"]
[Site "Graz"]
[Date "2009.01.23"]
[Round "5"]
[Board "5"]
[White "Lendwai, Reinhard"]
[Black "Tratar, Marko"]
[Result "1/2-1/2"]
[WhiteElo "2418"]
[BlackElo "2497"]
[PlyCount "114"]
[EventDate "2008.11.07"]
[EventType "team"]
[EventRounds "11"]
[EventCountry "AUT"]
[WhiteTeam "SK Advisory Invest Baden"]
[BlackTeam "SK Kl.Ztg.MPOE Maria Saal"]

1.d4 Nf6 2.Bg5 Ne4 3.Bf4 e6 4.e3 b6 5.Nf3 Bb7 6.Nbd2 Nxd2 7.Nxd2 d6 8.c3 Nd7
9.h3 g6 10.Nf3 Bg7 11.Bg5 f6 12.Bf4 O-O 13.h4 Qe7 14.Qb3 Rfe8 15.Be2 Kh8 16.g4
Bd5 17.Qc2 e5 18.Bg3 f5 19.gxf5 gxf5 20.dxe5 Nxe5 21.Bxe5 dxe5 22.Qxf5 Rf8
23.Qh5 Qf6 24.Rh3 Rad8 25.O-O-O Bxa2 26.Ng5 Qf5 27.e4 Rxd1+ 28.Bxd1 Qf4+ 29.Re3
Bg8 30.Bb3 h6 31.Nh3 Qf6 32.Bxg8 Kxg8 33.Rg3 Qe6 34.Qg4 Qxg4 35.Rxg4 Kf7 36.Kd2
Rd8+ 37.Ke2 a5 38.h5 Rd6 39.Rg3 a4 40.Ng1 b5 41.Nf3 Ra6 42.Ne1 a3 43.bxa3 Rxa3
44.Nc2 Rb3 45.Nb4 Rb2+ 46.Ke1 Rb1+ 47.Kd2 Bf6 48.Rg6 c5 49.Nd5 Rb2+ 50.Kd1 Bg5
51.Rb6 Rxf2 52.Rxb5 Rd2+ 53.Ke1 Rh2 54.Rxc5 Rxh5 55.Rc7+ Ke6 56.Rc6+ Kd7 57.Nf6+
Bxf6

[Event "Aut_chT0809"]
[Site "Graz"]
[Date "2009.01.23"]
[Round "5"]
[Board "6"]
[White "Diermair, Andreas"]
[Black "Stohl, Igor"]
[Result "0-1"]
[WhiteElo "2365"]
[BlackElo "2531"]
[PlyCount "64"]
[EventDate "2008.11.07"]
[EventType "team"]
[EventRounds "11"]
[EventCountry "AUT"]
[WhiteTeam "SK Kl.Ztg.MPOE Maria Saal"]
[BlackTeam "SK Advisory Invest Baden"]

1.e4 e5 2.Nf3 Nc6 3.Bb5 a6 4.Ba4 Nf6 5.O-O Be7 6.Re1 b5 7.Bb3 d6 8.c3 O-O 9.h3
Nb8 10.d4 Nbd7 11.Nbd2 Bb7 12.Bc2 Re8 13.Nf1 Bf8 14.Ng3 g6 15.b3 Bg7 16.d5 Rc8
17.c4 c6 18.Be3 Nb6 19.Nd2 cxd5 20.cxd5 Nbxd5 21.exd5 Nxd5 22.Rc1 Nc3 23.Qg4
Nxa2 24.Be4 Rxc1 25.Rxc1 Bxe4 26.Ndxe4 Nxc1 27.Bxc1 d5 28.Nc5 Qc8 29.b4 a5
30.Qe2 Qc6 31.Bd2 axb4 32.Bxb4 Bf8

[Event "Aut_chT0809"]
[Site "Graz"]
[Date "2009.01.23"]
[Round "5"]
[Board "4"]
[White "Sutovsky, Emil"]
[Black "Hoelzl, Franz"]
[Result "1-0"]
[WhiteElo "2660"]
[BlackElo "2356"]
[PlyCount "67"]
[EventDate "2008.11.07"]
[EventType "team"]
[EventRounds "11"]
[EventCountry "AUT"]
[WhiteTeam "Husek Wien"]
[BlackTeam "SK ASVOE Raika St.Veit/Gl."]

1.e4 c5 2.Nf3 d6 3.d4 cxd4 4.Nxd4 Nf6 5.Nc3 a6 6.Be3 Nbd7 7.f3 e5 8.Nb3 Nb6
9.Qd2 Be6 10.O-O-O Be7 11.g4 O-O 12.h4 a5 13.Kb1 a4 14.Nc1 Nc4 15.Bxc4 Bxc4
16.Nd3 Qa5 17.a3 Rfc8 18.g5 Nd7 19.Nb4 Be6 20.h5 Bf8 21.g6 Nf6 22.Bg5 Ne8
23.gxf7+ Bxf7 24.Ncd5 Bxd5 25.exd5 h6 26.Be3 Nf6 27.Rhg1 Kf7 28.f4 Ke8 29.fxe5
dxe5 30.d6 Rd8 31.Qg2 Rd7 32.Nd5 Rxd6 33.Qg6+ Kd8 34.Nxf6

[Event "Aut_chT0809"]
[Site "Graz"]
[Date "2009.01.23"]
[Round "5"]
[Board "5"]
[White "Mazi, Leon"]
[Black "Laznicka, Viktor"]
[Result "0-1"]
[WhiteElo "2377"]
[BlackElo "2598"]
[PlyCount "111"]
[EventDate "2008.11.07"]
[EventType "team"]
[EventRounds "11"]
[EventCountry "AUT"]
[WhiteTeam "SK ASVOE Raika St.Veit/Gl."]
[BlackTeam "Husek Wien"]

1.e4 c5 2.Nf3 e6 3.d4 cxd4 4.Nxd4 Nc6 5.Nc3 a6 6.Be3 Nf6 7.Qd2 Bb4 8.f3 d5 9.a3
Be7 10.exd5 Nxd5 11.Nxd5 Qxd5 12.Nb3 Qe5 13.O-O-O Qc7 14.Qf2 b5 15.Qg3 Qxg3
16.hxg3 Ne5 17.Bd4 Bf6 18.Nc5 Nd7 19.Ne4 Bxd4 20.Rxd4 Ke7 21.a4 bxa4 22.Rxa4 Bb7
23.Nc3 a5 24.g4 h6 25.Ra3 Ne5 26.Bb5 Kf6 27.Re1 Rhc8 28.Ra4 Rc5 29.Rd4 Rac8
30.Red1 g6 31.Ra4 Ra8 32.Rd6 h5 33.Rb6 Rc7 34.gxh5 gxh5 35.Bf1 Bc6 36.Rf4+ Ke7
37.Rh4 Rg8 38.Rxh5 Nd7 39.Ra6 Bxf3 40.Rh2 Ba8 41.Rxa5 Nf6 42.Nd1 Be4 43.c4 Nd5
44.Ra3 Rg5 45.b3 Rg3 46.Kb2 Bf5 47.Be2 Nf4 48.Bf3 Nd3+ 49.Ka2 Nb4+ 50.Kb2 Nd3+
51.Ka2 Ne1 52.Ba8 Rd7 53.Nb2 Rd2 54.Ra7+ Kf6 55.Rh6+ Kg7 56.Rh1

[Event "Aut_chT0809"]
[Site "Graz"]
[Date "2009.01.23"]
[Round "5"]
[Board "6"]
[White "Kovalev, Andrei"]
[Black "Hebesberger, Thomas"]
[Result "1-0"]
[WhiteElo "2535"]
[BlackElo "2354"]
[PlyCount "127"]
[EventDate "2008.11.07"]
[EventType "team"]
[EventRounds "11"]
[EventCountry "AUT"]
[WhiteTeam "Husek Wien"]
[BlackTeam "SK ASVOE Raika St.Veit/Gl."]

1.e4 c5 2.Nf3 d6 3.d4 cxd4 4.Nxd4 Nf6 5.Nc3 g6 6.g3 Nc6 7.Nde2 Bd7 8.Bg2 Qc8
9.h3 Bg7 10.Be3 O-O 11.Rc1 a6 12.Na4 Qc7 13.Nb6 Rad8 14.c4 Be6 15.Qd2 Nd7 16.Nd5
Qb8 17.O-O Rc8 18.b3 Rfe8 19.Ndf4 b5 20.Nxe6 fxe6 21.Nf4 Nf8 22.cxb5 axb5 23.h4
Ne5 24.Qe2 Qb7 25.Nd3 b4 26.Nxe5 Bxe5 27.f4 Rxc1 28.Rxc1 Bg7 29.Qc4 Bc3 30.a4
Rc8 31.Qd3 Nd7 32.h5 gxh5 33.e5 Qb8 34.Rd1 Nf8 35.exd6 Rd8 36.a5 Rxd6 37.Qe2
Rxd1+ 38.Qxd1 Qb5 39.Qd8 Qe2 40.Bf2 h4 41.gxh4 Bd2 42.Qd4 Ng6 43.a6 Qd1+ 44.Kh2
Bxf4+ 45.Qxf4 Nxf4 46.a7 Nxg2 47.a8=Q+ Kf7 48.Kxg2 Qxb3 49.Qf3+ Qxf3+ 50.Kxf3 e5
51.Ke4 Kg6 52.Kd3 Kh5 53.Kc4 e4 54.Kxb4 e3 55.Be1 Kg4 56.Kc4 Kf4 57.Kd5 e5
58.Ke6 e4 59.Kf6 e2 60.h5 e3 61.h6 Kf3 62.Kf5 Kg2 63.Kf4 Kh3 64.Kf3

[Event "Aut_chT0809"]
[Site "Graz"]
[Date "2009.01.23"]
[Round "5"]
[Board "1"]
[White "Shengelia, Davit"]
[Black "Beliavsky, Alexander"]
[Result "1/2-1/2"]
[WhiteElo "2547"]
[BlackElo "2646"]
[PlyCount "81"]
[EventDate "2008.11.07"]
[EventType "team"]
[EventRounds "11"]
[EventCountry "AUT"]
[WhiteTeam "Styria Graz"]
[BlackTeam "Holz Dohr"]

1.d4 Nf6 2.c4 e6 3.Nf3 b6 4.e3 Bb7 5.Bd3 Bb4+ 6.Nbd2 O-O 7.O-O d5 8.a3 Bxd2
9.Qxd2 dxc4 10.Bxc4 Bd5 11.Qe2 c5 12.dxc5 bxc5 13.Bd3 Ne4 14.Nd2 f5 15.f3 Nxd2
16.Bxd2 Nc6 17.Bc3 Qb6 18.Kh1 Rad8 19.Rad1 Bb3 20.Bc2 Bxc2 21.Qxc2 Rxd1 22.Rxd1
Rd8 23.h3 Rxd1+ 24.Qxd1 Qc7 25.Qd3 Ne7 26.f4 Nd5 27.Be5 Qb6 28.e4 fxe4 29.Qxe4
Qc6 30.f5 exf5 31.Qxf5 Nf6 32.Bxf6 gxf6 33.Qg4+ Kh8 34.Qg3 Qb6 35.b3 a6 36.Qd3
Qe6 37.Qd8+ Kg7 38.Qc7+ Kg6 39.Qxc5 Qxb3 40.Kh2 h5 41.Qf8

[Event "Aut_chT0809"]
[Site "Graz"]
[Date "2009.01.23"]
[Round "5"]
[Board "2"]
[White "Korneev, Oleg"]
[Black "Nanu, Ciprian-Costica"]
[Result "0-1"]
[WhiteElo "2613"]
[BlackElo "2506"]
[PlyCount "110"]
[EventDate "2008.11.07"]
[EventType "team"]
[EventRounds "11"]
[EventCountry "AUT"]
[WhiteTeam "Holz Dohr"]
[BlackTeam "Styria Graz"]

1.e4 c6 2.d4 d5 3.e5 Bf5 4.Nd2 e6 5.Nb3 Nd7 6.Nf3 Ne7 7.Be2 h6 8.O-O Qc7 9.a4 a5
10.Bd2 g5 11.Ne1 c5 12.Nxc5 Nxc5 13.dxc5 Bg7 14.Bb5+ Nc6 15.f4 Qe7 16.Nd3 Rg8
17.fxg5 Bxd3 18.cxd3 Bxe5 19.Be3 hxg5 20.d4 Bc7 21.Qh5 Qf8 22.h3 Qg7 23.Rf3 Bf4
24.Qg4 f5 25.Qh5+ Kd7 26.Bxf4 gxf4 27.Rf2 Rh8 28.Qf3 Qxd4 29.Qxf4 Qxc5 30.Rc1
Qd6 31.Qd4 Rag8 32.Qa7 Qc7 33.Rc3 Rh4 34.Rfc2 Rc8 35.Qf2 Qf4 36.Qe1 Qd4+ 37.Kh1
Re4 38.Qc1 Qe5 39.Qg1 Re1 40.Bf1 Qf4 41.Rf2 Qxa4 42.Re2 Rb1 43.Qf2 Qd4 44.Kh2
Qxf2 45.Rxf2 Kd6 46.g4 fxg4 47.hxg4 Rg8 48.Rg3 Re1 49.g5 Ne5 50.Rf4 Rc1 51.Rg2
Rc7 52.b4 axb4 53.Rxb4 Nf3+ 54.Kg3 Nxg5 55.Rb6+ Ke5

[Event "Aut_chT0809"]
[Site "Graz"]
[Date "2009.01.23"]
[Round "5"]
[Board "3"]
[White "Moser, Eva"]
[Black "Baklan, Vladimir"]
[Result "0-1"]
[WhiteElo "2397"]
[BlackElo "2627"]
[PlyCount "76"]
[EventDate "2008.11.07"]
[EventType "team"]
[EventRounds "11"]
[EventCountry "AUT"]
[WhiteTeam "Styria Graz"]
[BlackTeam "Holz Dohr"]

1.d4 Nf6 2.Nf3 g6 3.Nbd2 d5 4.e3 Bg7 5.b4 O-O 6.Be2 c6 7.O-O a5 8.b5 c5 9.Bb2 c4
10.a4 Nbd7 11.Bc3 Qc7 12.Ne5 Nb6 13.f3 Ne8 14.f4 Nd6 15.Bf3 f6 16.Ng4 Bxg4
17.Bxg4 f5 18.Bf3 Ne4 19.Nb1 e6 20.Qe1 Nd7 21.Bxe4 dxe4 22.Bb2 Nf6 23.Ba3 Rf7
24.c3 Nd5 25.Ra2 Bf6 26.g3 g5 27.Kh1 Rg7 28.Rg1 Rc8 29.Rag2 Rg6 30.g4 gxf4
31.gxf5 exf5 32.Rxg6+ hxg6 33.Rxg6+ Kf7 34.Qg1 Rh8 35.exf4 Nxf4 36.Qg3 Rh3
37.Rxf6+ Kxf6 38.Qg8 Ng6

[Event "Aut_chT0809"]
[Site "Graz"]
[Date "2009.01.23"]
[Round "5"]
[Board "4"]
[White "Kosten, Anthony C"]
[Black "Luther, Thomas"]
[Result "1-0"]
[WhiteElo "2514"]
[BlackElo "2536"]
[PlyCount "81"]
[EventDate "2008.11.07"]
[EventType "team"]
[EventRounds "11"]
[EventCountry "AUT"]
[WhiteTeam "Holz Dohr"]
[BlackTeam "Styria Graz"]

1.c4 e6 2.Nf3 d5 3.b3 Nf6 4.Bb2 Be7 5.g3 O-O 6.Bg2 c5 7.O-O Nc6 8.e3 d4 9.exd4
cxd4 10.Re1 Ne8 11.Ne5 Nxe5 12.Rxe5 f6 13.Re1 e5 14.f4 exf4 15.Qf3 fxg3 16.Qd5+
Kh8 17.hxg3 Qxd5 18.Bxd5 Bd6 19.Bxd4 Nc7 20.Bf3 Bxg3 21.Bf2 Bxf2+ 22.Kxf2 Rd8
23.Re7 Ne6 24.Nc3 Kg8 25.Nd5 Kf8 26.Bh5 Ng5 27.Rae1 Bd7 28.d4 Be8 29.Bxe8 Rxe8
30.Rxb7 Rxe1 31.Kxe1 Nf3+ 32.Kf2 Nxd4 33.Ke3 Nf5+ 34.Kf4 Nd6 35.Rd7 Ne8 36.c5
Rc8 37.b4 a5 38.a3 axb4 39.axb4 h5 40.Kf5 Ra8 41.Kg6

[Event "Aut_chT0809"]
[Site "Graz"]
[Date "2009.01.23"]
[Round "5"]
[Board "6"]
[White "Freitag, Manfred"]
[Black "Wagner, Stephan"]
[Result "1/2-1/2"]
[WhiteElo "2406"]
[BlackElo "2240"]
[PlyCount "56"]
[EventDate "2008.11.07"]
[EventType "team"]
[EventRounds "11"]
[EventCountry "AUT"]
[WhiteTeam "Holz Dohr"]
[BlackTeam "Styria Graz"]

1.d4 d5 2.c4 dxc4 3.Nf3 Nf6 4.e3 e6 5.Bxc4 c5 6.O-O a6 7.a4 Nc6 8.Qe2 Qc7 9.Nc3
Bd6 10.h3 O-O 11.dxc5 Bxc5 12.e4 Ne5 13.Nxe5 Qxe5 14.Be3 Bxe3 15.Qxe3 Bd7 16.Bb3
Bc6 17.f4 Qa5 18.e5 Nd5 19.Nxd5 Bxd5 20.Bxd5 Qxd5 21.Rfd1 Qa5 22.Qd2 Qc5+ 23.Qd4
Qc7 24.Rac1 Qa5 25.Rc5 b5 26.Ra1 Rfd8 27.Qc3 Qxc3 28.bxc3 Rac8

[Event "Aut_chT0809"]
[Site "Graz"]
[Date "2009.01.23"]
[Round "5"]
[Board "1"]
[White "Dizdar, Goran"]
[Black "Weiss, Christian"]
[Result "1-0"]
[WhiteElo "2565"]
[BlackElo "2424"]
[PlyCount "79"]
[EventDate "2008.11.07"]
[EventType "team"]
[EventRounds "11"]
[EventCountry "AUT"]
[WhiteTeam "SK Absam"]
[BlackTeam "Union Ansfelden"]

1.d4 Nf6 2.c4 g6 3.Nf3 Bg7 4.g3 O-O 5.Bg2 d6 6.O-O Nbd7 7.Nc3 e5 8.h3 c6 9.e4
Qb6 10.c5 dxc5 11.dxe5 Ne8 12.Na4 Qa6 13.e6 fxe6 14.Ng5 b5 15.Nc3 Ne5 16.f4 Nf7
17.Nf3 Nc7 18.Be3 Rd8 19.Qc2 Bd4 20.Nd1 Qb6 21.Kh2 Bd7 22.Rc1 Rac8 23.b4 Bxe3
24.Nxe3 cxb4 25.Ng4 Ne8 26.Nfe5 h5 27.Nxf7 Kxf7 28.Ne5+ Kg7 29.f5 Qd4 30.Nxg6
exf5 31.exf5 Nf6 32.Rfd1 Qb6 33.Ne7 c5 34.Qd2 Kf7 35.Qg5 Rf8 36.Rxd7 Nxd7
37.Bd5+ Ke8 38.Nxc8 Qf6 39.Qxf6 Rxf6 40.Be6

[Event "Aut_chT0809"]
[Site "Graz"]
[Date "2009.01.23"]
[Round "5"]
[Board "2"]
[White "Knoll, Hermann"]
[Black "Levin, Felix"]
[Result "1/2-1/2"]
[WhiteElo "2371"]
[BlackElo "2536"]
[PlyCount "38"]
[EventDate "2008.11.07"]
[EventType "team"]
[EventRounds "11"]
[EventCountry "AUT"]
[WhiteTeam "Union Ansfelden"]
[BlackTeam "SK Absam"]

1.e4 d5 2.exd5 Qxd5 3.Nc3 Qd6 4.d4 Nf6 5.Nf3 a6 6.Bd3 Bg4 7.O-O Nc6 8.Ne4 Nxe4
9.Bxe4 O-O-O 10.Bxc6 Qxc6 11.Ne5 Bxd1 12.Nxc6 bxc6 13.Rxd1 g6 14.Be3 Bg7 15.Rd3
Rd5 16.Rad1 Rhd8 17.b3 f5 18.g3 Bf6 19.h4 e5

[Event "Aut_chT0809"]
[Site "Graz"]
[Date "2009.01.23"]
[Round "5"]
[Board "3"]
[White "Rotstein, Arkadij"]
[Black "Hellmayr, Alois"]
[Result "0-1"]
[WhiteElo "2505"]
[BlackElo "2333"]
[PlyCount "70"]
[EventDate "2008.11.07"]
[EventType "team"]
[EventRounds "11"]
[EventCountry "AUT"]
[WhiteTeam "SK Absam"]
[BlackTeam "Union Ansfelden"]

1.d4 Nf6 2.Nf3 e6 3.g3 b5 4.Bg2 Bb7 5.O-O c5 6.Bg5 d5 7.Nc3 b4 8.Na4 Nbd7 9.c3
cxd4 10.Nxd4 bxc3 11.Nxc3 Be7 12.e4 Nxe4 13.Nxe4 dxe4 14.Bxe7 Qxe7 15.Rc1 O-O
16.Rc7 Bd5 17.Qe2 Qd8 18.Rfc1 Nf6 19.Qa6 e3 20.f3 Bxa2 21.Ne2 Bd5 22.Nf4 Rb8
23.Qe2 a5 24.Nd3 Rb3 25.R7c3 Qb6 26.Rxb3 Bxb3 27.Nc5 Bd5 28.Rc3 h6 29.b3 Ba8
30.Rc4 Rd8 31.Qxe3 Rd1+ 32.Kf2 Bd5 33.Rc2 Rb1 34.Bf1 Bxb3 35.Nxb3 Rxf1+

[Event "Aut_chT0809"]
[Site "Graz"]
[Date "2009.01.23"]
[Round "5"]
[Board "4"]
[White "Moser, Guenter"]
[Black "Wegerle, Joerg"]
[Result "1/2-1/2"]
[WhiteElo "2341"]
[BlackElo "2431"]
[PlyCount "68"]
[EventDate "2008.11.07"]
[EventType "team"]
[EventRounds "11"]
[EventCountry "AUT"]
[WhiteTeam "Union Ansfelden"]
[BlackTeam "SK Absam"]

1.d4 d5 2.Nf3 Nf6 3.g3 e6 4.Bg2 b5 5.O-O Bb7 6.Bg5 Nbd7 7.Nc3 a6 8.a3 c5 9.Re1
Be7 10.Bxf6 Nxf6 11.Ne5 Qc7 12.e3 O-O 13.Ne2 a5 14.f4 b4 15.a4 Rac8 16.Rc1 Nd7
17.Nd3 Nb6 18.b3 c4 19.Nf2 Ba6 20.Bf1 Qb7 21.Qd2 Rc6 22.Red1 Rfc8 23.Qe1 Nd7
24.Rb1 Nf6 25.Bg2 R8c7 26.Bf3 cxb3 27.cxb3 Rc2 28.Rd2 Qc8 29.Rbd1 g6 30.Rxc2
Rxc2 31.Rd2 Rc7 32.Rd1 Rc2 33.Rd2 Rc7 34.Rd1 Rc2

[Event "Aut_chT0809"]
[Site "Graz"]
[Date "2009.01.23"]
[Round "5"]
[Board "5"]
[White "Schmittdiel, Eckhard"]
[Black "Klinger, Josef"]
[Result "1-0"]
[WhiteElo "2438"]
[BlackElo "2429"]
[PlyCount "41"]
[EventDate "2008.11.07"]
[EventType "team"]
[EventRounds "11"]
[EventCountry "AUT"]
[WhiteTeam "SK Absam"]
[BlackTeam "Union Ansfelden"]

1.c4 c5 2.g3 Nf6 3.Bg2 e6 4.Nf3 Be7 5.O-O O-O 6.e3 Nc6 7.d4 cxd4 8.exd4 d5 9.b3
b6 10.Bb2 Bb7 11.Nbd2 Rc8 12.Qe2 Rc7 13.Rfd1 Qa8 14.Rac1 dxc4 15.bxc4 Rd8 16.Nf1
Rcd7 17.Ne3 Re8 18.d5 exd5 19.cxd5 Nb4 20.Ne5 Rdd8 21.Nc6

[Event "Aut_chT0809"]
[Site "Graz"]
[Date "2009.01.23"]
[Round "5"]
[Board "1"]
[White "Gyimesi, Zoltan"]
[Black "Ruck, Robert"]
[Result "1/2-1/2"]
[WhiteElo "2582"]
[BlackElo "2558"]
[PlyCount "60"]
[EventDate "2008.11.07"]
[EventType "team"]
[EventRounds "11"]
[EventCountry "AUT"]
[WhiteTeam "Sparkasse Jenbach"]
[BlackTeam "ASVOE Pamhagen"]

1.Nf3 c5 2.c4 Nc6 3.g3 g6 4.Bg2 Bg7 5.O-O e6 6.Nc3 Nge7 7.e3 O-O 8.d4 cxd4
9.Nxd4 d5 10.cxd5 Nxd4 11.exd4 Nxd5 12.Nxd5 exd5 13.Be3 Be6 14.Qb3 Qd7 15.Rac1
Rfc8 16.Rfe1 h5 17.Bf1 Rxc1 18.Rxc1 Rc8 19.Rc3 Rxc3 20.Qxc3 a6 21.h4 Bf5 22.Bg2
Be6 23.Bf1 Bf5 24.Bg2 Be6 25.a3 Bf8 26.Bf4 Bg7 27.Be3 Bf8 28.Bf4 Bg7 29.Bf3 Bg4
30.Bg2 Be6

[Event "Aut_chT0809"]
[Site "Graz"]
[Date "2009.01.23"]
[Round "5"]
[Board "2"]
[White "Markos, Jan"]
[Black "Schlosser, Philipp"]
[Result "1/2-1/2"]
[WhiteElo "2577"]
[BlackElo "2570"]
[PlyCount "67"]
[EventDate "2008.11.07"]
[EventType "team"]
[EventRounds "11"]
[EventCountry "AUT"]
[WhiteTeam "ASVOE Pamhagen"]
[BlackTeam "Sparkasse Jenbach"]

1.d4 d5 2.c4 dxc4 3.Nf3 a6 4.e4 b5 5.a4 Bb7 6.axb5 axb5 7.Rxa8 Bxa8 8.Nc3 e6
9.Nxb5 Bxe4 10.Bxc4 Nf6 11.O-O Bd6 12.Bg5 O-O 13.Re1 Ba8 14.Nxd6 cxd6 15.Nd2
Nbd7 16.Bf1 Qb8 17.Qb1 Qb4 18.Nc4 d5 19.Bd2 Qa4 20.Ne5 Qxd4 21.Bc3 Qb6 22.Qd3
Rb8 23.Bd4 Qb4 24.Rc1 Rd8 25.Qe3 h6 26.Rc7 Nxe5 27.Qxe5 Ne8 28.Ra7 Bc6 29.h4 Ra8
30.Rxa8 Bxa8 31.g4 Qd6 32.Qe3 f6 33.f4 Bc6 34.g5

[Event "Aut_chT0809"]
[Site "Graz"]
[Date "2009.01.23"]
[Round "5"]
[Board "3"]
[White "Lehner, Oliver"]
[Black "Ftacnik, Lubomir"]
[Result "1/2-1/2"]
[WhiteElo "2413"]
[BlackElo "2562"]
[PlyCount "101"]
[EventDate "2008.11.07"]
[EventType "team"]
[EventRounds "11"]
[EventCountry "AUT"]
[WhiteTeam "Sparkasse Jenbach"]
[BlackTeam "ASVOE Pamhagen"]

1.Nf3 Nf6 2.c4 g6 3.Nc3 Bg7 4.e4 d6 5.d4 O-O 6.Be2 e5 7.Be3 Nc6 8.d5 Ne7 9.Nd2
Ne8 10.O-O f5 11.f3 f4 12.Bf2 h5 13.c5 g5 14.Nc4 Rf6 15.cxd6 cxd6 16.Nb5 b6
17.a4 Bd7 18.Qb3 g4 19.Nxa7 Rxa7 20.Bxb6 Qb8 21.Ra3 Rb7 22.a5 Nc8 23.Rc1 Rf8
24.Kh1 Nc7 25.a6 Rxb6 26.Nxb6 Nxb6 27.a7 Qb7 28.Qb4 Rf6 29.Ba6 Nxa6 30.a8=Q+
Qxa8 31.Qxb6 Bc8 32.Qd8+ Rf8 33.Qxd6 Qb7 34.b4 Qb5 35.Raa1 Qxb4 36.Rxa6 Qxd6
37.Rxd6 h4 38.Rc7 Kh7 39.fxg4 Bxg4 40.h3 f3 41.gxf3 Bxf3+ 42.Kh2 Bxe4 43.Rdd7
Rg8 44.Rd6 Bf5 45.Rf6 Bg6 46.Re6 e4 47.d6 Bf5 48.Rf6 Bg6 49.Re6 Bf5 50.Rf6 Bg6
51.Re6

[Event "Aut_chT0809"]
[Site "Graz"]
[Date "2009.01.23"]
[Round "5"]
[Board "4"]
[White "Cvek, Robert"]
[Black "Stangl, Markus"]
[Result "1/2-1/2"]
[WhiteElo "2531"]
[BlackElo "2458"]
[PlyCount "187"]
[EventDate "2008.11.07"]
[EventType "team"]
[EventRounds "11"]
[EventCountry "AUT"]
[WhiteTeam "ASVOE Pamhagen"]
[BlackTeam "Sparkasse Jenbach"]

1.Nf3 d5 2.c4 d4 3.g3 g6 4.Bg2 Bg7 5.O-O e5 6.d3 a5 7.Na3 Ne7 8.e3 dxe3 9.Bxe3
Nbc6 10.Nb5 O-O 11.a3 Nf5 12.Bg5 f6 13.Bd2 Be6 14.Qc2 Qd7 15.Rad1 Rfd8 16.Rfe1
Qf7 17.Bc3 Rd7 18.Nd2 Bf8 19.Nb3 h5 20.Kh1 Be7 21.Qe2 a4 22.Nd2 Rad8 23.Bxc6
bxc6 24.Na7 Rxd3 25.Nxc6 R8d7 26.Bxe5 Bxc4 27.Nxe7+ Nxe7 28.Nxc4 Qd5+ 29.Kg1
Rxd1 30.Bc3 Rxe1+ 31.Bxe1 Nf5 32.Bc3 Re7 33.Ne3 Qe6 34.Bb4 Rd7 35.Bc5 Nd4
36.Bxd4 Rxd4 37.Qc2 Qf7 38.h4 Kg7 39.Qc3 Qd7 40.Kg2 Rd3 41.Qc2 Rb3 42.Kg1 Qd6
43.Ng2 Qe5 44.Nf4 f5 45.Nd3 Qe7 46.Nf4 c5 47.Kh2 Qe5 48.Qd2 Qxb2 49.Qd7+ Kh6
50.Kg2 Qg7 51.Qxa4 Qb7+ 52.Kh2 Rb1 53.Ng2 Rf1 54.Qe8 Kh7 55.Qe2 Ra1 56.Qc4 Qa7
57.Nf4 Rxa3 58.Ne6 Ra6 59.Ng5+ Kg7 60.Qc3+ Kg8 61.Qc4+ Kf8 62.Qc3 Ke8 63.Qe5+
Kd7 64.Qd5+ Kc7 65.Nf7 Qb6 66.Ne5 Qd6 67.Qf7+ Kc8 68.Qe8+ Kb7 69.Nc4 Qd4 70.Qe7+
Kc8 71.Qf8+ Kd7 72.Qf7+ Kc6 73.Qe8+ Kc7 74.Qe7+ Kc8 75.Qf8+ Qd8 76.Qxc5+ Qc7
77.Qb5 Rc6 78.Ne5 Rb6 79.Qe8+ Qd8 80.Qa4 Kb7 81.Nd7 Rd6 82.Nc5+ Kb6 83.Qb4+ Kc6
84.Nb7 Qb8 85.Qxd6+ Qxd6 86.Nxd6 Kxd6 87.Kg2 Ke5 88.Kf3 f4 89.g4 hxg4+ 90.Kxg4
Ke4 91.Kg5 Kf3 92.Kxg6 Kxf2 93.h5 Ke2 94.h6

[Event "Aut_chT0809"]
[Site "Graz"]
[Date "2009.01.23"]
[Round "5"]
[Board "5"]
[White "Reich, Thomas"]
[Black "Antoniewski, Rafal"]
[Result "1/2-1/2"]
[WhiteElo "2404"]
[BlackElo "2513"]
[PlyCount "34"]
[EventDate "2008.11.07"]
[EventType "team"]
[EventRounds "11"]
[EventCountry "AUT"]
[WhiteTeam "Sparkasse Jenbach"]
[BlackTeam "ASVOE Pamhagen"]

1.d4 Nf6 2.c4 c5 3.d5 b5 4.Nd2 bxc4 5.e4 c3 6.bxc3 g6 7.c4 d6 8.Ngf3 Bg7 9.Rb1
O-O 10.Be2 e5 11.h4 Qa5 12.Rb3 Nbd7 13.g3 Rb8 14.Kf1 Rxb3 15.axb3 Qa2 16.Kg2 h5
17.Ng5 Nb6

[Event "Aut_chT0809"]
[Site "Graz"]
[Date "2009.01.23"]
[Round "5"]
[Board "6"]
[White "Lipka, Juraj"]
[Black "Deglmann, Ludwig"]
[Result "1/2-1/2"]
[WhiteElo "2426"]
[BlackElo "2325"]
[PlyCount "51"]
[EventDate "2008.11.07"]
[EventType "team"]
[EventRounds "11"]
[EventCountry "AUT"]
[WhiteTeam "ASVOE Pamhagen"]
[BlackTeam "Sparkasse Jenbach"]

1.d4 f5 2.g3 Nf6 3.Bg2 g6 4.c4 Bg7 5.Nc3 O-O 6.Nh3 d6 7.d5 Qe8 8.Nf4 c6 9.O-O
Na6 10.Rb1 e5 11.dxe6 Bxe6 12.b3 Qe7 13.Nxe6 Qxe6 14.Bb2 Rad8 15.e3 Nc5 16.Qc2
Nce4 17.Nxe4 Nxe4 18.Bxg7 Kxg7 19.Rfd1 Rf7 20.Rd4 Nf6 21.Rbd1 Rfd7 22.Qb2 Kf7
23.b4 a6 24.a4 Qe5 25.Qb1 Kg7 26.h3

[Event "Aut_chT0809"]
[Site "Graz"]
[Date "2009.01.23"]
[Round "5"]
[Board "1"]
[White "Miroshnichenko, Evgenij"]
[Black "Baramidze, David"]
[Result "1/2-1/2"]
[WhiteElo "2667"]
[BlackElo "2548"]
[PlyCount "60"]
[EventDate "2008.11.07"]
[EventType "team"]
[EventRounds "11"]
[EventCountry "AUT"]
[WhiteTeam "ASVOE Wulkaprodersdorf"]
[BlackTeam "SK Hohenems"]

1.c4 e6 2.Nf3 Nf6 3.d4 d5 4.g3 Be7 5.Bg2 O-O 6.Qc2 c5 7.O-O Nc6 8.cxd5 Nxd4
9.Nxd4 cxd4 10.dxe6 fxe6 11.Nd2 e5 12.Nf3 Qd6 13.Ng5 Kh8 14.f4 Qb6 15.Qb3 h6
16.Nf7+ Rxf7 17.Qxf7 d3+ 18.e3 Bd6 19.fxe5 Bxe5 20.Qg6 Bd7 21.Qxd3 Bb5 22.Qb3
Bxf1 23.Qxb6 axb6 24.Kxf1 Rc8 25.Rb1 Rc2 26.Kg1 Ng4 27.a4 Re2 28.Kf1 Rf2+ 29.Kg1
Re2 30.Kf1 Rf2+